[Event "Online Olym Div Top-C"]
[Site "Chess.com INT"]
[Date "2021.09.11"]
[Round "8.1"]
[White "Heinechen, Juan"]
[Black "Lavendelis, Egons"]
[Result "0-1"]
[WhiteElo "2146"]
[BlackElo "2304"]
[PlyCount "90"]
[EventDate "2021.09.09"]
[EventType "team (rapid)"]
[EventRounds "9"]
[EventCountry "USA"]
[SourceTitle "CBM 204 Extra"]
[Source "ChessBase"]
[SourceDate "2021.11.30"]
[SourceVersion "1"]
[SourceVersionDate "2021.11.30"]
[SourceQuality "1"]
[WhiteTeam "Paraguay"]
[BlackTeam "Latvia"]
[WhiteTeamCountry "PAR"]
[BlackTeamCountry "LAT"]

1. e4 c5 2. Nf3 Nc6 3. d4 cxd4 4. Nxd4 Nf6 5. Nc3 e6 6. Ndb5 Bb4 7. a3 Bxc3+ 8. Nxc3 d5 9. exd5 exd5 10. Bd3 0-0 11. 0-0 d4 12. Ne4 Ng4 13. h3 Nge5 14. Be2 Qd5 15. Ng5 Bf5 16. f4 Ng6 17. Bd3 Nh4 18. Nf3 Nxf3+ 19. Qxf3 Qd7 20. Bd2 Rfe8 21. Rfe1 h6 22. Rxe8+ Rxe8 23. Re1 Rxe1+ 24. Bxe1 Qe6 25. Bf2 a6 26. Kf1 Bxd3+ 27. Qxd3 Qd5 28. c3 Qb3 29. Bxd4 Qxb2 30. Qe4 Qxa3 31. Qe8+ Qf8 32. Qd7 Qb8 33. g3 a5 34. Kg2 a4 35. Bc5 Qa8 36. Ba3 Qb8 37. h4 h5 38. Kh3 Qa8 39. c4 Na5 40. Qxa4 b5 41. Qd1 Nxc4 42. Bb4 Qc8+ 43. Kh2 Ne3 44. Qe2 Qc2 45. Bd2 Qxd2 0-1

[Event "Online Olym Div Top-C"]
[Site "Chess.com INT"]
[Date "2021.09.10"]
[Round "5.1"]
[White "Lavendelis, Egons"]
[Black "Lodici, Lorenzo"]
[Result "1-0"]
[WhiteElo "2304"]
[BlackElo "2507"]
[PlyCount "159"]
[EventDate "2021.09.09"]
[EventType "team (rapid)"]
[EventRounds "9"]
[EventCountry "USA"]
[SourceTitle "CBM 204 Extra"]
[Source "ChessBase"]
[SourceDate "2021.11.30"]
[SourceVersion "1"]
[SourceVersionDate "2021.11.30"]
[SourceQuality "1"]
[WhiteTeam "Latvia"]
[BlackTeam "Italy"]
[WhiteTeamCountry "LAT"]
[BlackTeamCountry "ITA"]

1. e4 e5 2. Nf3 Nc6 3. d4 exd4 4. Bc4 Nf6 5. e5 Ne4 6. Bd5 Nc5 7. 0-0 Ne6 8. Nbd2 Be7 9. Nb3 0-0 10. Re1 Kh8 11. Nbxd4 Nexd4 12. Nxd4 Nxd4 13. Qxd4 d6 14. Bf4 c6 15. Bb3 d5 16. c4 dxc4 17. Qxd8 Rxd8 18. Bxc4 Be6 19. Bxe6 fxe6 20. Red1 Bc5 21. Kf1 Bd4 22. Rab1 Rd5 23. Bg3 g5 24. Rd2 Rad8 25. Re1 Kg7 26. Re4 Kg6 27. Rde2 Bb6 28. f4 Rd1+ 29. Be1 g4 30. g3 Kf5 31. Kg2 Ra1 32. a3 Rdd1 33. h3 h5 34. hxg4+ hxg4 35. Kh2 Bd4 36. Kg2 c5 37. Bf2 Bxf2 38. Kxf2 Rd4 39. R4e3 Rb1 40. Rc3 b6 41. Kg2 Rbd1 42. Kf2 R4d2 43. Rc2 Rxc2 44. Rxc2 Ke4 45. Re2+ Kf5 46. Kg2 Rd3 47. Kf2 c4 48. Rc2 b5 49. Re2 c3 50. bxc3 Rxc3 51. Ra2 Ke4 52. Re2+ Kf5 53. Ra2 a6 54. Kg2 Ke4 55. Re2+ Kd3 56. Ra2 Ke3 57. Rf2 Ke4 58. Re2+ Kd3 59. Rf2 Kc4 60. f5 exf5 61. Rxf5 Kb3 62. Kf2 Kxa3 63. e6 Rc8 64. Ke3 Re8 65. Re5 b4 66. Ra5+ Kb2 67. Rxa6 b3 68. Kf4 Rg8 69. e7 Kc3 70. Rc6+ Kb4 71. Rb6+ Kc3 72. Kf5 b2 73. Kf6 Rh8 74. Kg7 Rc8 75. Kf7 Rc7 76. Kf8 Rxe7 77. Kxe7 Kc2 78. Kf6 b1Q 79. Rxb1 Kxb1 80. Kf5 1-0

[Event "Online Olym Div Top-C"]
[Site "Chess.com INT"]
[Date "2021.09.10"]
[Round "6.1"]
[White "Stalmach, Richard"]
[Black "Lavendelis, Egons"]
[Result "1-0"]
[WhiteElo "2333"]
[BlackElo "2304"]
[PlyCount "69"]
[EventDate "2021.09.09"]
[EventType "team (rapid)"]
[EventRounds "9"]
[EventCountry "USA"]
[SourceTitle "CBM 204 Extra"]
[Source "ChessBase"]
[SourceDate "2021.11.30"]
[SourceVersion "1"]
[SourceVersionDate "2021.11.30"]
[SourceQuality "1"]
[WhiteTeam "Czech Republic"]
[BlackTeam "Latvia"]
[WhiteTeamCountry "CZE"]
[BlackTeamCountry "LAT"]

1. Nf3 Nf6 2. d4 g6 3. c4 Bg7 4. Nc3 d5 5. Qb3 dxc4 6. Qxc4 0-0 7. e4 a6 8. Be2 Nbd7 9. Qb3 c5 10. d5 b5 11. Qc2 Bb7 12. 0-0 Rc8 13. Rd1 Qc7 14. g3 b4 15. Bf4 Qa5 16. Nb1 Nxe4 17. Qxe4 Bxb2 18. Nbd2 Bxa1 19. Rxa1 e6 20. Bh6 Bxd5 21. Qh4 Rfe8 22. Nc4 Bxc4 23. Bxc4 Qd8 24. Bg5 f6 25. Bh6 Rc6 26. Rd1 Qe7 27. Qf4 Nf8 28. h4 Rd8 29. Re1 Rcd6 30. Kh2 Rd1 31. Bxf8 Kxf8 32. Rxe6 R1d4 33. Nxd4 Rxd4 34. Rxe7 Rxf4 35. Rf7+ 1-0

[Event "Riga Tech Rapid op"]
[Site "Riga"]
[Date "2021.08.08"]
[Round "2"]
[White "Lavendelis, Egons"]
[Black "Melderis, Uldis"]
[Result "1-0"]
[WhiteElo "2304"]
[BlackElo "1913"]
[PlyCount "67"]
[EventDate "2021.08.08"]
[EventType "swiss (rapid)"]
[EventRounds "9"]
[EventCountry "LAT"]
[SourceTitle "CBM 203 Extra"]
[Source "ChessBase"]
[SourceDate "2021.09.30"]
[SourceVersion "1"]
[SourceVersionDate "2021.09.30"]
[SourceQuality "1"]

1. Nf3 Nf6 2. g3 e6 3. Bg2 d5 4. 0-0 c5 5. d4 Nc6 6. b3 cxd4 7. Nxd4 e5 8. Nxc6 bxc6 9. c4 Bb7 10. cxd5 cxd5 11. Bb2 Bd6 12. Nc3 Bc7 13. Rc1 a6 14. Na4 0-0 15. Nc5 Rb8 16. Qd3 e4 17. Qd2 h6 18. Bxf6 Qxf6 19. Nxb7 Rxb7 20. Qxd5 Ra7 21. Qxe4 Be5 22. Rc6 Qe7 23. Rfc1 a5 24. Rc8 Bd6 25. Rxf8+ Qxf8 26. Qf5 Rc7 27. Rxc7 Bxc7 28. Bd5 Qe7 29. e4 Bd6 30. Bc4 Qc7 31. e5 Bxe5 32. Bxf7+ Kh8 33. Bc4 Bc3 34. Qf8+ 1-0

[Event "Riga Tech Rapid op"]
[Site "Riga"]
[Date "2021.08.08"]
[Round "6"]
[White "Lavendelis, Egons"]
[Black "Mikelsons, Mikelis Emils"]
[Result "1-0"]
[WhiteElo "2304"]
[BlackElo "1899"]
[PlyCount "60"]
[EventDate "2021.08.08"]
[EventType "swiss (rapid)"]
[EventRounds "9"]
[EventCountry "LAT"]
[SourceTitle "CBM 203 Extra"]
[Source "ChessBase"]
[SourceDate "2021.09.30"]
[SourceVersion "1"]
[SourceVersionDate "2021.09.30"]
[SourceQuality "1"]

1. e4 e5 2. Nf3 Nc6 3. d4 exd4 4. Bc4 Nf6 5. e5 d5 6. Bb5 Ne4 7. Nxd4 Bd7 8. Bxc6 bxc6 9. 0-0 Bc5 10. f3 Ng5 11. Be3 Ne6 12. Qd2 Bxd4 13. Bxd4 c5 14. Bf2 Bb5 15. Rd1 d4 16. c3 d3 17. Na3 Ba6 18. c4 0-0 19. Qxd3 Qg5 20. Qe3 Qg6 21. Rd2 Rab8 22. Rad1 Rfe8 23. b3 f5 24. exf6 Qxf6 25. Qe4 Nf4 26. Qc2 Bb7 27. Bg3 Qe5 28. Bxf4 Qxf4 29. Nb5 Qe3+ 30. Rf2 Rbd8 1-0

[Event "Riga Tech Rapid op"]
[Site "Riga"]
[Date "2021.08.08"]
[Round "3"]
[White "Vingris, Mikelis"]
[Black "Lavendelis, Egons"]
[Result "0-1"]
[WhiteElo "1747"]
[BlackElo "2304"]
[PlyCount "74"]
[EventDate "2021.08.08"]
[EventType "swiss (rapid)"]
[EventRounds "9"]
[EventCountry "LAT"]
[SourceTitle "CBM 203 Extra"]
[Source "ChessBase"]
[SourceDate "2021.09.30"]
[SourceVersion "1"]
[SourceVersionDate "2021.09.30"]
[SourceQuality "1"]

1. e4 c5 2. Nf3 Nc6 3. d4 cxd4 4. Nxd4 Nf6 5. Nc3 e6 6. f3 Bb4 7. Nb3 d5 8. exd5 Nxd5 9. Bd2 Nxc3 10. Bxc3 Bxc3+ 11. bxc3 Qh4+ 12. g3 Qf6 13. Nd4 0-0 14. Bd3 e5 15. Nxc6 Qxc6 16. 0-0 Qxc3 17. Qe2 g6 18. Rae1 Re8 19. f4 e4 20. Qf2 Bh3 21. Bxe4 Bxf1 22. Kxf1 Qc4+ 23. Bd3 Qxa2 24. f5 Qd5 25. Kg1 b6 26. Rxe8+ Rxe8 27. Qf4 Re1+ 28. Kf2 Qe5 29. Qg5 Ra1 30. Kg2 Kg7 31. h4 Qd5+ 32. Kf2 Qd4+ 33. Ke2 Qe5+ 34. Kf3 h6 35. Qg4 Re1 36. Be4 h5 37. Qf4 Rf1+ 0-1

[Event "EU-ch blitz"]
[Site "Tallinn"]
[Date "2019.12.07"]
[Round "5"]
[White "Galopoulos, Nikolaos"]
[Black "Lavendelis, Egons"]
[Result "1-0"]
[WhiteElo "2429"]
[BlackElo "2264"]
[PlyCount "149"]
[EventDate "2019.12.07"]
[EventType "swiss (blitz)"]
[EventRounds "22"]
[EventCountry "EST"]
[SourceTitle "CBM 193 Extra"]
[Source "ChessBase"]
[SourceDate "2020.01.31"]
[SourceVersion "1"]
[SourceVersionDate "2020.01.31"]
[SourceQuality "1"]

1. d4 Nf6 2. c4 g6 3. Nc3 d5 4. Nf3 Bg7 5. cxd5 Nxd5 6. Na4 0-0 7. e4 Nb6 8. Be3 Bg4 9. Nc5 Bxf3 10. gxf3 Qc8 11. h4 N8d7 12. Rc1 Nxc5 13. Rxc5 Nd7 14. Rc2 h5 15. f4 Nf6 16. f3 e6 17. Kf2 c6 18. b4 Qd7 19. Bh3 Qe7 20. d5 exd5 21. Bc5 Nxe4+ 22. fxe4 Qxh4+ 23. Kg2 Qxf4 24. Bxf8 Qxe4+ 25. Kg1 Bd4+ 26. Kh2 Be5+ 27. Kg1 Rxf8 28. Rd2 Qxb4 29. Bg2 d4 30. Be4 Qe7 31. Rg2 Bf4 32. Qxh5 Be3+ 33. Kf1 Qf6+ 34. Bf3 Qg7 35. Qg4 Re8 36. Be2 c5 37. Bc4 Kf8 38. Qf3 b6 39. Rgh2 Kg8 40. Qh3 Qf6+ 41. Ke2 Bf4+ 42. Kd1 Bxh2 43. Rxh2 Qg7 44. Rf2 Rf8 45. Qd7 d3 46. Bxd3 Qa1+ 47. Ke2 Qe5+ 48. Kd2 Qb2+ 49. Bc2 Qd4+ 50. Qxd4 cxd4 51. Kd3 Rd8 52. Bb3 Rd7 53. Ba4 Rd6 54. Be8 f5 55. Re2 Kf8 56. Ba4 Kf7 57. Bb3+ Kf6 58. Re8 g5 59. Rf8+ Ke5 60. Rf7 a5 61. a4 g4 62. Bd1 Rc6 63. Re7+ Kf4 64. Re1 Rd6 65. Rf1+ Kg5 66. Bc2 f4 67. Ke4 Re6+ 68. Kxd4 f3 69. Bd1 Kf4 70. Kd5 Rh6 71. Re1 Rh5+ 72. Kd4 Kg3 73. Re4 Rg5 74. Ke3 Kg2 75. Rxg4+ 1-0

[Event "EU-Cup 35th"]
[Site "Ulcinj"]
[Date "2019.11.10"]
[Round "1.10"]
[White "Lavendelis, Egons"]
[Black "Smith, Axel"]
[Result "1/2-1/2"]
[WhiteElo "2289"]
[BlackElo "2465"]
[PlyCount "82"]
[EventDate "2019.11.10"]
[EventType "team-swiss"]
[EventRounds "7"]
[EventCountry "MNE"]
[SourceTitle "CBM 193 Extra"]
[Source "ChessBase"]
[SourceDate "2020.01.31"]
[SourceVersion "1"]
[SourceVersionDate "2020.01.31"]
[SourceQuality "1"]
[WhiteTeam "Wasa"]
[BlackTeam "Koge Xtracon"]
[WhiteTeamCountry "SWE"]
[BlackTeamCountry "DEN"]

1. Nf3 d5 2. g3 g6 3. Bg2 Bg7 4. d4 Nf6 5. 0-0 c6 6. Nbd2 0-0 7. b3 a5 8. a4 Ne4 9. Bb2 Bf5 10. Nh4 Nxd2 11. Qxd2 Be6 12. f4 f5 13. Nf3 Nd7 14. Ng5 Bf7 15. c4 e6 16. e3 h6 17. Nf3 Qb6 18. c5 Qc7 19. Ba3 Rfb8 20. Rfc1 b6 21. cxb6 Rxb6 22. b4 axb4 23. Bxb4 Rba6 24. Bf1 Rxa4 25. Rxa4 Rxa4 26. Bb5 Ra8 27. Bxc6 Rc8 28. Ba3 Qa7 29. Bxd7 Rxc1+ 30. Qxc1 Qxd7 31. Ne5 Bxe5 32. fxe5 g5 33. Qc5 Kh7 34. Qe7 Qxe7 35. Bxe7 Kg6 36. h4 Kh5 37. hxg5 hxg5 38. Kf2 Kg4 39. Bd8 f4 40. gxf4 gxf4 41. exf4 Kxf4 1/2-1/2

[Event "LAT-chT"]
[Site "Riga"]
[Date "2019.10.12"]
[Round "7.3"]
[White "Lavendelis, Egons"]
[Black "Janovskis, Daniels"]
[Result "1-0"]
[WhiteElo "2273"]
[BlackElo "1610"]
[PlyCount "91"]
[EventDate "2019.02.16"]
[EventType "team-tourn"]
[EventRounds "9"]
[EventCountry "LAT"]
[SourceTitle "EXT 2020"]
[Source "ChessBase"]
[SourceDate "2019.10.17"]
[SourceVersion "1"]
[SourceVersionDate "2019.10.17"]
[SourceQuality "1"]
[WhiteTeam "Riga Technical Univ"]
[BlackTeam "Rigas Saha School Vertikale"]
[WhiteTeamCountry "LAT"]
[BlackTeamCountry "LAT"]

1. e4 e5 2. Nf3 Nc6 3. d4 exd4 4. Bc4 Nf6 5. e5 d5 6. Bb5 Ne4 7. Nxd4 Bd7 8. Bxc6 bxc6 9. 0-0 Bc5 10. f3 Ng5 11. Be3 0-0 12. Nc3 Ne6 13. Na4 Bb6 14. Qd2 f6 15. Nxe6 Bxe6 16. Nc5 Qe7 17. exf6 Rxf6 18. Qf2 Qf8 19. a4 a5 20. Nxe6 Rxe6 21. Bxb6 cxb6 22. Qxb6 Rb8 23. Qxa5 Rxb2 24. Qc3 Qb8 25. Rfe1 Rxe1+ 26. Rxe1 Qb6+ 27. Kf1 Rb1 28. Rxb1 Qxb1+ 29. Kf2 Qb7 30. Qc5 Qa6 31. a5 Kf7 32. h3 h6 33. Kg3 Qe2 34. Qa7+ Kg6 35. Qc7 Kh7 36. Kh2 Qc4 37. f4 Kg6 38. Qd6+ Kf7 39. f5 Qa4 40. Qg6+ Kf8 41. f6 gxf6 42. Qxf6+ Ke8 43. Qxh6 Qxc2 44. a6 Qa4 45. a7 c5 46. a8Q+ 1-0

[Event "LAT-chT"]
[Site "Riga"]
[Date "2019.10.12"]
[Round "8.4"]
[White "Lavendelis, Egons"]
[Black "Stasans, Aivars"]
[Result "1-0"]
[WhiteElo "2273"]
[BlackElo "2100"]
[PlyCount "85"]
[EventDate "2019.02.16"]
[EventType "team-tourn"]
[EventRounds "9"]
[EventCountry "LAT"]
[SourceTitle "EXT 2020"]
[Source "ChessBase"]
[SourceDate "2019.10.17"]
[SourceVersion "1"]
[SourceVersionDate "2019.10.17"]
[SourceQuality "1"]
[WhiteTeam "Riga Technical Univ"]
[BlackTeam "Rigas Saha School Nakotne"]
[WhiteTeamCountry "LAT"]
[BlackTeamCountry "LAT"]

1. Nf3 Nf6 2. g3 c5 3. Bg2 Nc6 4. d4 e6 5. 0-0 d5 6. b3 cxd4 7. Nxd4 Bc5 8. Nxc6 bxc6 9. Bb2 0-0 10. Nd2 Ba6 11. c4 Rc8 12. Rc1 Qe7 13. a3 Rfd8 14. b4 Bb6 15. Qa4 Bxc4 16. Nxc4 dxc4 17. Rxc4 Rd2 18. Bc3 Rdd8 19. Bxc6 Nd5 20. Bb2 Qg5 21. b5 Nf6 22. Qb3 e5 23. Qf3 Bd4 24. Bxd4 Rxd4 25. Rxd4 exd4 26. Rd1 Qe5 27. Qd3 h5 28. Rd2 Qc5 29. a4 Rd8 30. e3 Qb4 31. exd4 Qxa4 32. d5 Qb4 33. d6 Qc5 34. d7 Ng4 35. Qd4 Qe7 36. Kg2 Qe1 37. h3 Nf6 38. Ra2 h4 39. Qxh4 a5 40. Qd4 Qe6 41. Rxa5 Kf8 42. Ra3 Nxd7 43. Rd3 1-0

[Event "Riga RTU rapid op"]
[Site "Riga"]
[Date "2019.07.04"]
[Round "8"]
[White "Ioannidis, Evgenios"]
[Black "Lavendelis, Egons"]
[Result "1/2-1/2"]
[WhiteElo "2134"]
[BlackElo "2292"]
[PlyCount "89"]
[EventDate "2019.07.04"]
[EventType "swiss (rapid)"]
[EventRounds "9"]
[EventCountry "LAT"]
[SourceTitle "EXT 2020"]
[Source "ChessBase"]
[SourceDate "2019.10.17"]
[SourceVersion "1"]
[SourceVersionDate "2019.10.17"]
[SourceQuality "1"]

1. Nf3 Nf6 2. c4 g6 3. Nc3 d5 4. e3 Bg7 5. b3 Ne4 6. Bb2 Nxc3 7. Bxc3 Bxc3 8. dxc3 c6 9. Qd4 0-0 10. Rd1 e6 11. h4 Nd7 12. cxd5 cxd5 13. h5 Qf6 14. hxg6 hxg6 15. c4 dxc4 16. Bxc4 b6 17. Bb5 Qxd4 18. Rxd4 Nf6 19. Bc6 Rb8 20. e4 Ba6 21. b4 Rbd8 22. e5 Rxd4 23. Nxd4 Ng4 24. b5 Bc8 25. Nf3 Rd8 26. Rh4 f5 27. exf6 Nxf6 28. Ne5 Nd5 29. Nxg6 Kg7 30. Bxd5 Rxd5 31. Ne7 Re5+ 32. Kf1 Bd7 33. a4 a6 34. Rd4 Be8 35. Nc6 Rc5 36. Rd6 axb5 37. axb5 Kf6 38. Nd4 Bxb5+ 39. Ke1 Re5+ 40. Kd2 Bf1 41. g4 b5 42. f4 Re4 43. f5 Ke5 44. Nxb5 Bxb5 45. Rxe6+ 1/2-1/2

[Event "Riga RTU rapid op"]
[Site "Riga"]
[Date "2019.07.04"]
[Round "9"]
[White "Lavendelis, Egons"]
[Black "Laimins, Lauris"]
[Result "1-0"]
[WhiteElo "2292"]
[BlackElo "2123"]
[PlyCount "71"]
[EventDate "2019.07.04"]
[EventType "swiss (rapid)"]
[EventRounds "9"]
[EventCountry "LAT"]
[SourceTitle "EXT 2020"]
[Source "ChessBase"]
[SourceDate "2019.10.17"]
[SourceVersion "1"]
[SourceVersionDate "2019.10.17"]
[SourceQuality "1"]

1. e4 Nf6 2. e5 Nd5 3. d4 d6 4. c4 Nb6 5. exd6 exd6 6. Bd3 Nc6 7. Ne2 Nb4 8. 0-0 Nxd3 9. Qxd3 Be7 10. Nbc3 0-0 11. Bf4 c6 12. Ng3 Be6 13. d5 cxd5 14. cxd5 Bd7 15. Nge4 Bf5 16. Rad1 Rc8 17. Qg3 Bxe4 18. Nxe4 Rc4 19. Bh6 Bf6 20. Nxd6 Rc2 21. Nf5 g6 22. Bxf8 Kxf8 23. Qa3+ Kg8 24. Ne3 Rxb2 25. Qxa7 Nd7 26. Rb1 Rxb1 27. Rxb1 b6 28. Rc1 Bd4 29. Qc7 Qe7 30. Qf4 Bc5 31. g3 Ne5 32. Rd1 b5 33. Ng4 Nc4 34. Qf6 Qf8 35. Qc3 Qd6 36. Re1 1-0

[Event "Riga RTU rapid op"]
[Site "Riga"]
[Date "2019.07.04"]
[Round "3"]
[White "Lavendelis, Egons"]
[Black "Pavlovs, Nikita"]
[Result "1-0"]
[WhiteElo "2292"]
[BlackElo "1864"]
[PlyCount "69"]
[EventDate "2019.07.04"]
[EventType "swiss (rapid)"]
[EventRounds "9"]
[EventCountry "LAT"]
[SourceTitle "EXT 2020"]
[Source "ChessBase"]
[SourceDate "2019.10.17"]
[SourceVersion "1"]
[SourceVersionDate "2019.10.17"]
[SourceQuality "1"]

1. e4 d6 2. d4 Nf6 3. Nc3 g6 4. Be3 Bg7 5. f3 c6 6. a4 0-0 7. Qd2 Nbd7 8. g4 e5 9. h4 h5 10. g5 Ne8 11. dxe5 dxe5 12. Bc5 Nc7 13. Bxf8 Qxf8 14. Bc4 a5 15. 0-0-0 Nc5 16. Qd8 Be6 17. Qxf8+ Kxf8 18. Bxe6 N7xe6 19. Nge2 Ke7 20. b3 Nd4 21. Nxd4 exd4 22. Ne2 Rd8 23. Nf4 Be5 24. Nd3 Nxd3+ 25. Rxd3 Rd6 26. Kd1 c5 27. Ke2 b6 28. Rdd1 Bf4 29. Kd3 Ke6 30. Kc4 Be5 31. Rhf1 Bg3 32. f4 Bxh4 33. Rd3 f6 34. gxf6 Bxf6 35. e5 1-0

[Event "LAT-chT"]
[Site "Riga"]
[Date "2019.06.09"]
[Round "6.3"]
[White "Lavendelis, Egons"]
[Black "Golubovskis, Maksims"]
[Result "1-0"]
[WhiteElo "2285"]
[BlackElo "1992"]
[PlyCount "79"]
[EventDate "2019.02.16"]
[EventType "team-tourn"]
[EventRounds "9"]
[EventCountry "LAT"]
[SourceTitle "CBM 190 Extra"]
[Source "ChessBase"]
[SourceDate "2019.07.15"]
[SourceVersion "1"]
[SourceVersionDate "2019.07.15"]
[SourceQuality "1"]
[WhiteTeam "Riga Technical Univ"]
[BlackTeam "Maxon&Co"]
[WhiteTeamCountry "LAT"]
[BlackTeamCountry "LAT"]

1. e4 c5 2. Nf3 Nc6 3. Bb5 g6 4. c3 Bg7 5. 0-0 Nf6 6. Qe2 0-0 7. d4 cxd4 8. cxd4 d5 9. e5 Ne4 10. Be3 a6 11. Bxc6 bxc6 12. Rc1 Qb6 13. Ne1 f6 14. f3 Ng5 15. f4 Ne6 16. Nf3 fxe5 17. fxe5 Nf4 18. Qd2 Nh3+ 19. Kh1 Bf5 20. Nc3 Be4 21. Nxe4 dxe4 22. Nh4 g5 23. gxh3 gxh4 24. Rg1 Rf7 25. Rg4 h5 26. Rg6 e6 27. Rag1 Rd8 28. Qg2 Rdd7 29. Rxe6 Qd8 30. Rg6 Rb7 31. e6 Rfc7 32. Qxe4 Qd5 33. Qxd5 cxd5 34. Bf4 Re7 35. Bd6 Re8 36. Be5 Ree7 37. Bf6 Rec7 38. Rxg7+ Rxg7 39. Rxg7+ Rxg7 40. e7 1-0

[Event "LAT President's blitz Cup"]
[Site "Riga"]
[Date "2019.01.26"]
[Round "13"]
[White "Lavendelis, Egons"]
[Black "Kovalenko, Igor"]
[Result "0-1"]
[WhiteElo "2290"]
[BlackElo "2663"]
[PlyCount "54"]
[EventDate "2019.01.26"]
[EventType "swiss (blitz)"]
[EventRounds "13"]
[EventCountry "LAT"]
[SourceTitle "CBM 188 Extra"]
[Source "ChessBase"]
[SourceDate "2019.02.26"]
[SourceVersion "1"]
[SourceVersionDate "2019.02.26"]
[SourceQuality "1"]

1. e4 d5 2. exd5 Qxd5 3. Nc3 Qa5 4. d4 Nf6 5. Bc4 Nc6 6. a3 Bg4 7. f3 Bf5 8. Be3 0-0-0 9. Nge2 e5 10. d5 Nd4 11. Nxd4 exd4 12. Qxd4 Re8 13. Kd2 Bd6 14. b4 Qb6 15. Qxb6 axb6 16. g3 Be5 17. Rae1 Re7 18. g4 Bg6 19. h4 Rhe8 20. Nd1 h5 21. g5 Nd7 22. f4 Bd6 23. Rhf1 Bf5 24. Bd3 Bh3 25. Rg1 Bg4 26. Nf2 Rxe3 27. Rxe3 Bxf4 0-1

[Event "Olaine rapid op"]
[Site "Olaine"]
[Date "2018.11.25"]
[Round "1"]
[White "Lavendelis, Egons"]
[Black "Dombrovska, Stefanija"]
[Result "1-0"]
[WhiteElo "2290"]
[BlackElo "1653"]
[PlyCount "53"]
[EventDate "2018.11.25"]
[EventType "swiss (rapid)"]
[EventRounds "9"]
[EventCountry "LAT"]
[SourceTitle "CBM 187 Extra"]
[Source "ChessBase"]
[SourceDate "2018.11.04"]
[SourceVersion "1"]
[SourceVersionDate "2018.11.04"]
[SourceQuality "1"]

1. e4 e5 2. Nf3 Nc6 3. d4 exd4 4. Bc4 Bc5 5. c3 d6 6. cxd4 Bb4+ 7. Nc3 Nf6 8. Qd3 0-0 9. 0-0 Bg4 10. Bg5 Bxf3 11. gxf3 h6 12. Bh4 g5 13. Bg3 Bxc3 14. bxc3 Nh5 15. Bb3 Nf4 16. Bxf4 gxf4 17. Kh1 Kh8 18. Bc2 f6 19. Qd2 Ne7 20. Qxf4 Ng8 21. Rg1 Rf7 22. Bb3 Rg7 23. Rxg7 Kxg7 24. Rg1+ Kh7 25. Qf5+ Kh8 26. Qg6 Qe7 27. Bxg8 1-0

[Event "Olaine rapid op"]
[Site "Olaine"]
[Date "2018.11.25"]
[Round "2"]
[White "Sinauridze, Simons"]
[Black "Lavendelis, Egons"]
[Result "0-1"]
[WhiteElo "2053"]
[BlackElo "2290"]
[PlyCount "65"]
[EventDate "2018.11.25"]
[EventType "swiss (rapid)"]
[EventRounds "9"]
[EventCountry "LAT"]
[SourceTitle "CBM 187 Extra"]
[Source "ChessBase"]
[SourceDate "2018.11.04"]
[SourceVersion "1"]
[SourceVersionDate "2018.11.04"]
[SourceQuality "1"]

1. e4 c5 2. Nf3 Nc6 3. Bb5 g6 4. 0-0 Bg7 5. Bxc6 dxc6 6. Nc3 e5 7. d3 Ne7 8. Be3 b6 9. Nd2 0-0 10. f4 exf4 11. Bxf4 f6 12. Qf3 Be6 13. Rae1 Qd7 14. h3 g5 15. Be3 Ng6 16. Qg3 Rf7 17. Nf3 h6 18. d4 f5 19. exf5 Bxf5 20. dxc5 bxc5 21. Bxc5 Bxc2 22. Rf2 Bf5 23. Rd2 Qb7 24. Red1 Nf4 25. Rd8+ Rxd8 26. Rxd8+ Kh7 27. Nxg5+ hxg5 28. Qxg5 Qc7 29. Be3 Bg6 30. Qh4+ Nh5 31. Re8 Qg3 32. Qc4 Nf4 33. Rd8 0-1

[Event "LAT-chT"]
[Site "Riga"]
[Date "2018.09.09"]
[Round "6.5"]
[White "Lavendelis, Egons"]
[Black "Levchenkov, Vitaly S"]
[Result "1/2-1/2"]
[WhiteElo "2290"]
[BlackElo "2137"]
[PlyCount "166"]
[EventDate "2018.06.09"]
[EventType "team-tourn"]
[EventRounds "11"]
[EventCountry "LAT"]
[SourceTitle "EXT 2019"]
[Source "ChessBase"]
[SourceDate "2018.10.10"]
[SourceVersion "1"]
[SourceVersionDate "2018.10.10"]
[SourceQuality "1"]
[WhiteTeam "Riga Technical Univ"]
[BlackTeam "The Royal Biograph"]
[WhiteTeamCountry "LAT"]
[BlackTeamCountry "LAT"]

1. e4 c5 2. Nf3 Nc6 3. Bb5 g6 4. c3 Nf6 5. Qe2 Bg7 6. 0-0 0-0 7. d4 d5 8. e5 Ne4 9. Be3 cxd4 10. cxd4 Bd7 11. Ne1 h6 12. f3 Ng5 13. Nc3 Ne6 14. Rd1 Nc7 15. Bd3 a6 16. f4 e6 17. g4 f5 18. exf6 Qxf6 19. Nf3 Be8 20. a3 Rd8 21. Na4 Nb5 22. Bc2 Nd6 23. Ne5 Ne4 24. Bxe4 dxe4 25. Nc3 Qh4 26. Qe1 Qxe1 27. Rfxe1 Nxe5 28. fxe5 Bc6 29. Rf1 Rf3 30. Rxf3 exf3 31. Kf2 Kh7 32. h4 Bf8 33. Kg3 Be7 34. Rd2 a5 35. Rf2 h5 36. g5 b5 37. Nb1 b4 38. Rc2 bxa3 39. bxa3 Rc8 40. Bd2 a4 41. Bb4 Bd8 42. Nd2 Bb6 43. Nxf3 Bb7 44. Rxc8 Bxc8 45. Kf4 Bb7 46. Bc3 Kg8 47. Nd2 Bd5 48. Ke3 Kf7 49. Bb4 Ke8 50. Nb1 Kd7 51. Nc3 Bb3 52. Kd3 Kc6 53. Ne2 Ba2 54. Nf4 Bb1+ 55. Kc4 Bf5 56. Bc3 Bd8 57. Bb4 Bb6 58. Bc5 Ba5 59. Bb4 Bb6 60. Ng2 Bc2 61. Ne3 Bb3+ 62. Kc3 Ba7 63. Ba5 Kb5 64. Bd8 Kc6 65. Be7 Bb6 66. Nc4 Ba7 67. Kd3 Kb5 68. Nd6+ Kc6 69. Ne4 Bb6 70. Bb4 Kd5 71. Nc3+ Kc6 72. Ne2 Ba2 73. Nf4 Bb1+ 74. Kc3 Bf5 75. Kc4 Bd8 76. Ne2 Bc2 77. Kc3 Bf5 78. Nf4 Bb6 79. Kc4 Bd8 80. Ne2 Bc2 81. Nc3 Bb6 82. Ne2 Bd8 83. Kc3 Bf5 1/2-1/2

[Event "EU-ch rapid"]
[Site "Katowice"]
[Date "2017.12.17"]
[Round "10"]
[White "Lavendelis, Egons"]
[Black "Dziuba, Marcin"]
[Result "1/2-1/2"]
[WhiteElo "2278"]
[BlackElo "2584"]
[PlyCount "90"]
[EventDate "2017.12.16"]
[EventType "swiss (rapid)"]
[EventRounds "11"]
[EventCountry "POL"]
[SourceTitle "CBM 182 Extra"]
[Source "ChessBase"]
[SourceDate "2018.02.23"]
[SourceVersion "1"]
[SourceVersionDate "2018.02.23"]
[SourceQuality "1"]

1. e4 c5 2. Nf3 d6 3. Bb5+ Nd7 4. c3 Ngf6 5. Qe2 a6 6. Ba4 b5 7. Bc2 Bb7 8. 0-0 e6 9. d4 Be7 10. a4 0-0 11. Nbd2 cxd4 12. cxd4 bxa4 13. Bxa4 e5 14. Rd1 exd4 15. Nxd4 Nc5 16. Bc2 Re8 17. b4 Ncd7 18. Qd3 Bf8 19. Qb3 d5 20. exd5 Bxd5 21. Qc3 Rc8 22. Qb2 Qb6 23. Bd3 Qxb4 24. Bxa6 Rxc1 25. Qxc1 Qxd4 26. Nf1 Qg4 27. Ng3 Nc5 28. Bb5 Rb8 29. Be2 Qh4 30. Rb1 Re8 31. Rb5 Rc8 32. Qe3 Be6 33. Rd4 Qh6 34. Qxh6 gxh6 35. h3 Ra8 36. Bf3 Ra1+ 37. Rd1 Ra2 38. Rd8 Kg7 39. Rxf8 Ra1+ 40. Kh2 Kxf8 41. Rxc5 Ra2 42. Kg1 Rb2 43. Nh5 Nd7 44. Ra5 Ke7 45. Be4 Nf8 1/2-1/2